| 000 | 00661nam a22002057a 4500 | ||
|---|---|---|---|
| 005 | 20251108172703.0 | ||
| 008 | 250721s2001 xx 000 0 ara d | ||
| 082 | 1 | 4 | _a621.382/محم |
| 100 | 1 |
_aمحمد، محمد _eمؤلف |
|
| 245 | 1 | 0 | _aالإتصالات الضوئية والألياف البصرية / |
| 250 | _a2. | ||
| 264 | 1 |
_aدمشق : _bدار المعرفة، _c2001. |
|
| 300 | _a82ص | ||
| 650 | 1 | 7 | _aأنظمة الإتصالات |
| 650 | 1 | 7 | _aالإتصالات العاملة بالخلايا |
| 650 | 1 | 7 | _aنظم الإتصالات الضوئية |
| 650 | 1 | 7 | _aالألياف الضوئية |
| 942 |
_2ddc _cBK |
||
| 999 |
_c85936 _d85936 |
||